000 00468nam a22001697a 4500
003 OSt
008 241203b |||||||| |||| 00| 0 eng d
082 _a630.716
_bI-2N
100 _aICAR Research complex for N. E. H. Region
245 _aAnnual Report, 2005 - 06
260 _a.- Umiam, Meghalaya
_b: ICAR Research complex for N. E. H. Region
_c, 2006
300 _a165p.
650 _aAnnual Report
650 _aAgriculture
650 _aUmiam
942 _2ddc
_cRP
999 _c47245
_d47245